[Event "Alushta Autumn 3rd"]
[Site "Alushta"]
[Date "2002.09.28"]
[Round "3"]
[White "Pisakov, Ilia"]
[Black "Nikitin, Andrey"]
[Result "1-0"]
[WhiteElo "2260"]
[BlackElo "2471"]
[PlyCount "79"]
[EventDate "2002.09.27"]
[EventType "tourn"]
[EventRounds "13"]
[EventCountry "UKR"]
[EventCategory "8"]
[SourceTitle "CBM 090 Extra"]
[Source "ChessBase"]
[SourceDate "2002.11.07"]
[SourceVersion "1"]
[SourceVersionDate "2002.11.07"]
[SourceQuality "1"]

1. e4 e6 2. d4 d5 3. Nc3 Bb4 4. Bd2 dxe4 5. Qg4 Nf6 6. Qxg7 Rg8 7. Qh6 Rg6 8. Qh4 Qxd4 9. Nf3 Qc5 10. Nxe4 Nxe4 11. Qxe4 Bxd2+ 12. Nxd2 f5 13. Qh4 Qe7 14. Qxe7+ Kxe7 15. f4 b6 16. Nf3 Nd7 17. 0-0-0 Bb7 18. Bb5 Rd8 19. Nd4 Nc5 20. Rhe1 Ne4 21. g3 Rd6 22. Bc4 c5 23. Nf3 Rh6 24. Rxd6 Nxd6 25. Nh4 Be4 26. Be2 b5 27. c3 Bc6 28. b4 c4 29. a4 bxa4 30. Bxc4 Be4 31. Ba2 Rf6 32. c4 Rf8 33. c5 Nb5 34. Bb1 Nc3 35. Bxe4 Nxe4 36. Kb2 a5 37. bxa5 Rb8+ 38. Ka3 Rb3+ 39. Ka2 Rb5 40. Ka3 1-0

[Event "Alushta Autumn 3rd"]
[Site "Alushta"]
[Date "2002.09.27"]
[Round "1"]
[White "Pisakov, Ilia"]
[Black "Kayumov, Dimitry"]
[Result "0-1"]
[WhiteElo "2260"]
[BlackElo "2460"]
[PlyCount "44"]
[EventDate "2002.09.27"]
[EventType "tourn"]
[EventRounds "13"]
[EventCountry "UKR"]
[EventCategory "8"]
[SourceTitle "CBM 090 Extra"]
[Source "ChessBase"]
[SourceDate "2002.11.07"]
[SourceVersion "1"]
[SourceVersionDate "2002.11.07"]
[SourceQuality "1"]

1. e4 e5 2. Nf3 Nc6 3. d4 exd4 4. Bc4 Bc5 5. c3 Nf6 6. cxd4 Bb4+ 7. Bd2 Bxd2+ 8. Nbxd2 d5 9. exd5 Nxd5 10. Qb3 Nce7 11. 0-0 0-0 12. Rfe1 c6 13. Ne4 h6 14. Ne5 a5 15. Nc3 Be6 16. Bxd5 Bxd5 17. Nxd5 cxd5 18. Qxb7 Rb8 19. Qa7 Rxb2 20. Rab1 Qb8 21. Qxe7 Rxb1 22. Nd7 Re8 0-1

[Event "RUS-Cup04"]
[Site "Samara"]
[Date "2002.07.29"]
[Round "4"]
[White "Solovjov, Sergey"]
[Black "Pisakov, Ilia"]
[Result "1-0"]
[WhiteElo "2457"]
[BlackElo "2260"]
[PlyCount "67"]
[EventDate "2002.07.26"]
[EventType "swiss"]
[EventRounds "9"]
[EventCountry "RUS"]
[SourceTitle "CBM 089 Extra"]
[Source "ChessBase"]
[SourceDate "2002.09.10"]
[SourceVersion "2"]
[SourceVersionDate "2002.09.10"]
[SourceQuality "1"]

1. e4 e5 2. Nc3 Nc6 3. Nf3 Nf6 4. g3 d5 5. exd5 Nxd5 6. Bg2 Nde7 7. Qe2 Bg4 8. Qb5 a6 9. Qa4 Qd7 10. 0-0 f6 11. d3 h5 12. Be3 Nf5 13. Qe4 Nd6 14. Qa4 Bh3 15. Ne4 Bxg2 16. Kxg2 h4 17. Nxh4 Nf5 18. Nxf5 Qxf5 19. h4 0-0-0 20. Qb3 Be7 21. f3 Qd7 22. Bc5 g5 23. hxg5 Qh3+ 24. Kf2 f5 25. Rh1 fxe4 26. Rxh3 Bxc5+ 27. Kg2 Nd4 28. Qc4 exf3+ 29. Kh2 Bd6 30. c3 b5 31. Qd5 e4 32. Qxd4 Bxg3+ 33. Kxg3 Rxh3+ 34. Kxh3 1-0